Score 0/20 Timer 04:00
2 Plays Today
% Correct
MusicianAriana Grande
73.7%
ComedianCarrot Top
70.7%
MusicianJim Morrison
66.4%
MusicianPitbull
60.7%
ActorSidney Poitier
56.9%
ActorWilliam H. Macy
55.8%
ActorWesley Snipes
54.5%
PoliticianMarco Rubio
51.3%
AttorneyJanet Reno
50.2%
ActorMaya Rudolph
48.7%
% Correct
MusicianDebbie Harry
44.8%
ActorEva Mendes
44.5%
MusicianTom Petty
43.9%
AthleteEmmitt Smith
39.8%
AthleteDeion Sanders
38.9%
MusicianFlo Rida
32.5%
MusicianJason Derulo
30.5%
AthleteChris Evert
27.9%
ActorNorman Reedus
21.3%
ActorBrittany Snow
19.3%
Come Together.
Have Fun.
All Virtual.
We all need to come together. Play Sporcle's virtual live trivia to have fun, connect with people, and get your trivia on. Join a live hosted trivia game for your favorite pub trivia experience done virtually. If a virtual private party is more your thing, go here for details.

You're not logged in!

Compare scores with friends on all Sporcle quizzes.
OR
Log In

Sporcle TV

Today on Sporcle TV


Watch our educational content, quiz creation guides, and fun videos on Sporcle TV.

Show Comments

Extras

Top Quizzes Today


Score Distribution

Paid Content

Your Account Isn't Verified!

In order to create a playlist on Sporcle, you need to verify the email address you used during registration. Go to your Sporcle Settings to finish the process.

Report this User

Report this user for behavior that violates our Community Guidelines.

Details: